Economic Survey of India and Its States (Record no. 107455)
[ view plain ]
| 000 -LEADER | |
|---|---|
| fixed length control field | 00420nam a2200145Ia 4500 |
| 082 ## - DEWEY DECIMAL CLASSIFICATION NUMBER | |
| Classification number | 330.954 C8 |
| 100 ## - MAIN ENTRY--AUTHOR NAME | |
| Personal name | "Chatterjee, Anup " |
| 245 #0 - TITLE STATEMENT | |
| Title | Economic Survey of India and Its States |
| 260 ## - PUBLICATION, DISTRIBUTION, ETC. (IMPRINT) | |
| Place of publication | New Delhi |
| 260 ## - PUBLICATION, DISTRIBUTION, ETC. (IMPRINT) | |
| Name of publisher | NCBH |
| 260 ## - PUBLICATION, DISTRIBUTION, ETC. (IMPRINT) | |
| Year of publication | 2013 |
| 365 ## - TRADE PRICE | |
| Price amount | "2,355.00" |
| 942 ## - ADDED ENTRY ELEMENTS (KOHA) | |
| Koha item type | Books |
| Withdrawn status | Lost status | Home library | Current library | Shelving location | Date acquired | Cost, normal purchase price | Full call number | Accession Number | Koha item type |
|---|---|---|---|---|---|---|---|---|---|
| PSG-CAS LIBRARY | PSG-CAS LIBRARY | REF RACK 10 SHELF 3 | 13/07/2018 | 0.00 | 330.954 C8 | 116988 | Books |